Mathematical sociology: an introduction to fundamentals

Saved in:
Bibliographic Details
Main Author: Fararo, Thomas J (Author)
Format: Book
Language:English
Published: Nueva York Robert E. Krieger 1978
Subjects:
Tags: Add Tag
No Tags, Be the first to tag this record!

MARC

LEADER 00000nam a2200000 a 4500
001 UCW1529
003 CL-VaPUC
008 920722e19780000US |||||||||||||||||eng|d
082 0 4 |a 301.0151  |b FAR  |2 21 
100 0 |a Fararo, Thomas J  |e author  |9 305547 
245 1 0 |a Mathematical sociology: an introduction to fundamentals 
300 |a 802 p 
942 |c BK 
945 |d 19920722 00:00:00 
260 |a Nueva York  |b Robert E. Krieger  |c 1978 
650 0 |a Sociología   |9 255410 
650 0 |a Modelos matemáticos   |9 259437 
650 0 |a Metodología   |9 256610 
583 |a last modification  |c 19920722 00:00:00  |k Rodrigo Vera 
999 |c 216412  |d 216410 
952 |0 0  |1 0  |4 0  |6 301_015100000000000_FAR_1978  |7 0  |8 A  |9 202124  |a BIBMAT  |b BIBMAT  |d 2019-11-14  |i 2692414  |o 301.0151 FAR 1978  |p 2692414  |r 2025-01-07  |w 2019-11-14  |y BK  |k MAT